Fyzikálno-technologické princípy suspenzií /

Gespeichert in:
Bibliographische Detailangaben
Hauptverfasser: Vitková, Zuzana, 1945- (Verfasst von), Oremusová, Jarmila (Verfasst von), Vitko, Anton, 1946- (Verfasst von), Matušová, Desana (Verfasst von)
Weitere Verfasser: Čižmárik, Jozef (Rezension), Šubová, Margaréta (Rezension)
Format: Buch
Sprache:Slowakisch
Veröffentlicht: Bratislava : Felia, 2018
Ausgabe:1. vyd.
Tags: Tag hinzufügen
Keine Tags, Fügen Sie das erste Tag hinzu!

MARC

LEADER 00000nam a22000003a 4500
001 0065450
003 SK-STU
005 20240726102057.1
007 ta
008 180606s ----xo-----e------000-0-----d
020 |a 978-80-89824-09-0 
035 |a biblio/60722  |2 CREPC2 
040 |a STU  |b slo 
041 0 |a slo 
080 |a 54.1 
100 1 |a Vitková, Zuzana,  |d 1945-  |4 aut  |9 35  |X 96050  |7 96050 
242 0 1 |a Physical and technological priciples of suspensions  |y eng 
245 1 0 |a Fyzikálno-technologické princípy suspenzií /  |c aut. Zuzana Vitková, Jarmila Oremusová, Anton Vitko, Desana Matušová ; rec. Jozef Čižmárik, Margaréta Šubová 
250 |a 1. vyd. 
260 |a Bratislava :  |b Felia,  |c 2018 
300 |a 104 s. 
500 |a (spoluautori sú z FarmF UK) 
700 1 |a Oremusová, Jarmila  |4 aut  |9 30 
700 1 |a Vitko, Anton,  |d 1946-  |u 031000  |r Z2  |4 aut  |9 30  |U FEI Fakulta elektrotechniky a informatiky  |T FEI Ústav robotiky a kybernetiky  |X 2394  |U E011  |Y 356  |7 A000002394 
700 1 |a Matušová, Desana  |4 aut  |9 5 
700 1 |a Čižmárik, Jozef  |4 rev 
700 1 |a Šubová, Margaréta  |4 rev 
996 |b 284EK90698  |c E* 90698  |l EE01  |s A  |a 24  |w 0065450_0001 
996 |b 284EK91011  |c E* 91011  |l EE0101  |s P  |a 0  |w 0065450_0002